Loading...
| Science - Biology | 0 | 7 | 1 | 0 | 65 | 38 | 63.00 | 4 | 7 |
| Science - Other Science | 0 | 6 | 0 | 1 | 60 | 92 | 110.33 | 0 | 3 |
| Science - Chemistry | 0 | 6 | 0 | 0 | 60 | 56 | 89.50 | 0 | 2 |
| Fine Arts - Other Fine Arts | 0 | 4 | 0 | 1 | 40 | 42 | 89.25 | 1 | 3 |
| Fine Arts - Painting and Sculpture | 0 | 4 | 0 | 1 | 40 | 25 | 91.50 | 1 | 1 |
| History - World History | 0 | 4 | 1 | 1 | 35 | 68 | 91.50 | 0 | 1 |
| Social Science | 0 | 4 | 1 | 0 | 35 | 57 | 79.25 | 1 | 2 |
| History - American History | 0 | 3 | 0 | 0 | 30 | 49 | 62.33 | 1 | 2 |
| Philosophy | 0 | 3 | 0 | 0 | 30 | 101 | 111.00 | 0 | 0 |
| Literature - European Literature | 0 | 2 | 0 | 0 | 20 | 71 | 88.50 | 0 | 1 |
| Geography | 0 | 2 | 0 | 1 | 20 | 58 | 75.00 | 0 | 1 |
| History - Other History | 0 | 2 | 0 | 1 | 20 | 77 | 102.50 | 0 | 1 |
| Literature - World Literature | 0 | 2 | 0 | 1 | 20 | 128 | 139.00 | 0 | 1 |
| Religion | 0 | 2 | 0 | 0 | 20 | 101 | 101.50 | 0 | 1 |
| History - European History | 0 | 2 | 1 | 0 | 15 | 104 | 113.50 | 0 | 1 |
| Current Events | 0 | 2 | 1 | 0 | 15 | 83 | 92.50 | 0 | 1 |
| Literature - American Literature | 0 | 1 | 0 | 0 | 10 | 87 | 87.00 | 0 | 0 |
| Other Academic | 0 | 1 | 0 | 0 | 10 | 47 | 47.00 | 0 | 1 |
| Fine Arts - Classical Music | 0 | 1 | 0 | 0 | 10 | 104 | 104.00 | 0 | 0 |
| Science - Physics | 0 | 2 | 2 | 1 | 10 | 109 | 113.50 | 0 | 0 |
| Mythology | 0 | 0 | 0 | 0 | 0 | 0.00 | 0 | 0 | |
| Literature - British Literature | 0 | 0 | 0 | 0 | 0 | 0.00 | 0 | 0 |